Cities in South Dakota by picture - Statistics

General Stats
  • This quiz has been taken 14 times
  • The average score is 4 of 16
Answer Stats
Picture Answer % Correct
Sioux Falls
100%
Rapid City
45%
Lead
36%
Sturgis
36%
Brookings
27%
Pierre
27%
Spearfish
27%
Vermillion
27%
Yankton
27%
Elk Point
9%
Belle Fourche
0%
Beresford
0%
Canton
0%
Dell Rapids
0%
Hartford
0%
Lennox
0%
No matching quizzes found
Score Distribution
Percent of People with Each Score
Percentile by Number Answered
Your Score History
You have not taken this quiz